000 00985 a2200205 4500
003 NUST
005 20230116165751.0
010 _a 82016633
020 _a013110098X (pbk.)
020 _a0131101064
040 _cNust
082 0 0 _a384.5556,ROM
100 1 _aRoman, James W.
_9106914
245 1 0 _aCablemania :
_bthe cable television sourcebook /
_cJames W. Roman.
260 _aEnglewood Cliffs, N.J. :
_bPrentice-Hall,
_cc1983.
300 _ax, 278 p. :
_bill. ;
_c24 cm.
505 _aCable Television (Page-1), Cable, The Courts and the FCC (Page-11), Technology (Page-31), Programming (Page-57), Corporate Leaders in Cable Television (Page-103), Broadcaster, Publishers and Cable (Page-117), Franchising (Page-135), Foreign Cable Systems (Page-151), Minorites in Cable Television (Page-173), Public Access Production Primer (Page-185), Employment Opportunities in Cable (Page-217), Future (Page-221).
650 0 _aCable television.
_964734
942 _2ddc
_cBK
_k384.5556,ROM
999 _c185307
_d185307